| 000 | 01082cad a22002415a 4500 | ||
|---|---|---|---|
| 001 | L151299 | ||
| 008 | 101018e20101001xxkd f s 000 0 eng d | ||
| 035 | _a(Sirsi) u151299 | ||
| 041 | 0 | _aeng | |
| 050 | 0 | 4 | _a333.33 $2 18 |
| 110 | 2 |
_aRoyal Institution of Chartered Surveyors _bEconomics _95033 |
|
| 245 | 0 | 0 |
_aRICS global real estate weekly _b1 October 2010 _h[electronic resource] |
| 260 |
_aLondon _bRICS _c2010 |
||
| 490 | 0 |
_aRICS Global Real Estate Weekly _v1 October 2010 |
|
| 520 | _aBelated recovery in Singapore commercial property. Canadian homebuilding activity slows. Reserve Bank of Australia's cash rate decision may be forced by key data. Moderate rebound in UK construction output. | ||
| 590 | _aKA | ||
| 650 | 2 | 4 | _aRICS GLOBAL REAL ESTATE WEEKLY |
| 651 | 4 | _aInternational | |
| 690 | _aBUILT ENVIRONMENT-CONSTRUCTION MARKET | ||
| 690 | _aPROPERTY-COMMERCIAL PROPERTY-COMMERCIAL PROPERTY MARKET | ||
| 856 | 4 | 0 |
_uhttps://www.rics.org/site/download_feed.aspx?fileID=7558&fileExtension=PDF _zView the report free of charge (PDF file) at www.rics.org |
| 942 | _n0 | ||
| 999 |
_c111288 _d111288 |
||